[Event "C.to Tedesco Internazionale"]
[Site "Dortmund BRD"]
[Date "1973.05.??"]
[Round "4"]
[White "Kunsztowicz, Uwe"]
[Black "Paoli, Enrico"]
[Result "1-0"]
[WhiteElo "2315"]
[BlackElo "2300"]
[PlyCount "132"]
[EventDate "1973.05.13"]

1. d4 d5 2. c4 c6 3. Nf3 Nf6 4. Nc3 e6 5. cxd5 cxd5 6. Bg5 Be7 7. e3 O-O 8. Bd3
Nc6 9. O-O h6 10. Bh4 Nd7 11. Bg3 a6 12. Rc1 Re8 13. Bb1 Nf8 14. Na4 Bd7 15.
Nc5 b6 16. Nb7 Qc8 17. Nd6 Bxd6 18. Bxd6 Qb7 19. Ne5 Rac8 20. f4 f5 21. g4 Nxe5
22. Rxc8 Nf3+ 23. Qxf3 Rxc8 24. gxf5 exf5 25. Kh1 Qc6 26. Be5 Kh7 27. Rg1 Ng6
28. h4 Rf8 29. h5 Nxe5 30. fxe5 Be6 31. Bd3 b5 32. Qg3 Qd7 33. Qg6+ Kh8 34. Rf1
Qc8 35. Kh2 Qd7 36. Rf2 Qc8 37. a3 Qd7 38. Rc2 Rc8 39. Rc5 Kg8 40. Kg3 Rf8 41.
Rc2 Ra8 42. Kf2 Rf8 43. Ke1 Ra8 44. Kd2 Rf8 45. Kc1 Re8 46. Rg2 Rc8+ 47. Kb1
Kh8 48. Rf2 Rf8 49. Ka2 Kg8 50. Rc2 Ra8 51. Qg1 Rc8 52. Qc1 Rxc2 53. Qxc2 Kf7
54. Qc5 g5 55. hxg6+ Kxg6 56. Qb6 Qc8 57. Qd6 Kf7 58. Be2 Kg8 59. Qe7 Kh8 60.
Bd3 Kg8 61. Qf6 Kh7 62. Kb1 Qd7 63. Bc2 Qc8 64. a4 bxa4 65. Qe7+ Kh8 66. Bxa4
Qc4 1-0

[Event "C.to Tedesco Internazionale"]
[Site "Dortmund BRD"]
[Date "1973.05.??"]
[Round "7"]
[White "Paoli, Enrico"]
[Black "Kestler, Hans-Guenther"]
[Result "0-1"]
[WhiteElo "2300"]
[BlackElo "2410"]
[PlyCount "84"]
[EventDate "1973.05.13"]

1. e4 c5 2. Nf3 Nc6 3. d4 cxd4 4. Nxd4 Nf6 5. Nc3 d6 6. Bc4 Qb6 7. Nb3 e6 8.
O-O a6 9. Be3 Qc7 10. f4 Be7 11. Bd3 b5 12. Qf3 Bb7 13. Qh3 Nb4 14. a3 Nxd3 15.
cxd3 Rc8 16. Rac1 Qd7 17. Na5 Ba8 18. b4 O-O 19. g4 d5 20. g5 d4 21. gxf6 Bxf6
22. Ne2 dxe3 23. Qxe3 Bb2 24. Rb1 Rc2 25. Nb3 Rd8 26. Nc5 Qd6 27. Rfd1 a5 28.
d4 Rxe2 29. Qxe2 Bxd4+ 30. Kg2 Qxf4 31. Qf3 Qe5 32. Qg3 Qf6 33. Rf1 Qe7 34.
Rbd1 e5 35. Rf5 Re8 36. Rg5 f6 37. Rh5 Bxc5 38. bxc5 Bxe4+ 39. Kf1 Qxc5 40. Rd7
Qc4+ 41. Ke1 Bg6 42. Rh4 Qe6 0-1

[Event "C.to Tedesco Internazionale"]
[Site "Dortmund BRD"]
[Date "1973.05.??"]
[Round "13"]
[White "Paoli, Enrico"]
[Black "Suess, Alois"]
[Result "1/2-1/2"]
[WhiteElo "2300"]
[BlackElo "2330"]
[PlyCount "34"]
[EventDate "1973.05.13"]

1. e4 c5 2. Nc3 d6 3. Nf3 Nc6 4. d4 cxd4 5. Nxd4 g6 6. Bc4 Bg7 7. Be3 Nf6 8. h3
O-O 9. Bb3 Bd7 10. O-O Rc8 11. Qd2 a6 12. Rad1 Na5 13. f3 Nc4 14. Bxc4 Rxc4 15.
b3 Rc8 16. Nb1 b5 17. Rf2 Qc7 1/2-1/2